War and Remembrance /

-д хадгалсан:
Номзүйн дэлгэрэнгүй
Үндсэн зохиолч: Wouk, Herman (autor)
Формат: Ном
Хэл сонгох:англи
Хэвлэсэн: Boston, EUA : Little, Brown and Company, 1978, c1978
Шошгууд: Шошго нэмэх
Шошго байхгүй, Энэхүү баримтыг шошголох эхний хүн болох!

MARC

LEADER 00000nam^a2200000^a^4500
001 000433214
005 20250526000000.0
009 20260310123033.811
020 |a 0-316-95501-9 
037 |a Acervo ITESO - Biblioteca 
041 |a ING 
091 |a FHM. 06419 
100 |a Wouk, Herman  |e (autor) 
245 1 0 |a War and Remembrance / 
264 4 |a Boston, EUA :  |b Little, Brown and Company,  |c 1978, c1978 
300 |a 1042 p. ;  |c 24.0 cm. 
336 |a texto  |b txt  |2 rdacontenido 
337 |a sin mediación  |b n  |2 rdamedio 
338 |a volumen  |b nc  |2 rdasoporte 
649 |a XX 
910 |a Fondo Hugo B. Margáin 
920 |a Impresos - Libros 
930 |a Libros Antiguos y Raros 
940 |a Literatura 
905 |a 126 
901 |a 0500312801  |b IT2  |c LRA  |i D106479  |u 20250526 
902 |a https://opac.biblio.iteso.mx/vufind/Record/000433214